000
00306nam a2200133Ia 4500
008
191201s2007 xx 000 0 und d
100
_a
KENNEDY, George
245
0
_a
Electronic Communication Systems
250
_a
4th
260
_c
2007
_b
TMH
_a
N.Delhi
300
_a
763
650
_a
ECE
942
_2
ddc
_c
BB
999
_c
7195
_d
7195